000 01423nam a2200349 a 4500
001 000114188
003 CHAP
005 20220329144430.0
008 171114s2015 mx a |r| |||||||spa d
010 _a110649
011 _a111621
040 _cCHAP
082 0 4 _a363.7387
_bI34
245 0 _aImpacto de la ley de hidrocarburos y su reglamento en las actitivades económicas, sociales y ambientales de las regiones petroleras y su vinculación con los programas educativos de las instituciones públicas y privadas de nivel superior :
_boportunidades y retos para un desarrollo sutentable /.
260 _aMéxico :
_bFundación Educación Superior:
_bPEMEX,
_c2015.
300 _a558 p. ;
_ccuadros, gráficas.
590 _aE11695DGD
_b10
_c20171115
_lUCH01
_h1157
590 _aE8697GMM
_b05
_c20171114
_lUCH01
_h1010
590 _aE8697GMM
_b05
_c20171114
_lUCH01
_h1212
590 _aE8697GMM
_b05
_c20171114
_lUCH01
_h1357
590 _aE8697GMM
_b05
_c20171114
_lUCH01
_h1408
590 _aE8697GMM
_b05
_c20171114
_lUCH01
_h1457
590 _aE8697GMM
_b05
_c20171114
_lUCH01
_h1500
650 1 4 _aDesarrollo sustentable
_xAspectos ambientales.
_9131313
650 1 4 _aDesarrollo sustentable
_xMéxico.
_932090
650 1 4 _aEducación superior
_xEstrategias de aprendizaje.
_9133215
650 1 4 _aHidrocarburos
_xLeyes y legislación.
_9132041
710 0 _aPEMEX.
_986658
901 _aBK
942 _cLIBRO
942 _n0
999 _c110649
_d110649